000 00351nam a2200169Ia 4500
100 _aBarker/Thomas T
650 _aDocumentation
250 _a2
942 _cBK
366 _f25
245 _aWriting Software Documentation
260 _bPearson
_c2003
082 _a5.15
_bBAR
300 _a468
546 _aENGLISH
_cComputers
999 _c20949
_d20949